| 000 | 00459nam a22001817a 4500 | ||
|---|---|---|---|
| 003 | MPLRDC | ||
| 005 | 20220104161119.0 | ||
| 008 | 210129b ||||| |||| 00| 0 eng d | ||
| 020 | _a7-228-08322-9 | ||
| 082 | _a528.47 FIS | ||
| 100 | _aDOROTHY CANFIELD FISHER | ||
| 245 |
_a理解贝茜 _c于婷译 |
||
| 250 | _a一版一刷 | ||
| 260 |
_a中国 _b新疆人民出版社 _c2004 |
||
| 300 | _b155 | ||
| 650 | _a青少年教育 | ||
| 942 |
_cBK _o528.47 FIS |
||
| 999 |
_c55322 _d55312 |
||